|
|
|
|
| LEADER |
01036nam a2200265u 4500 |
| 001 |
38029 |
| 003 |
BD-DhAAL |
| 005 |
20220328132322.0 |
| 008 |
220328t1966 pau 000 0 eng d |
| 999 |
|
|
|c 43903
|d 43903
|
| 010 |
|
|
|a 63007861
|
| 040 |
|
|
|a DLC
|c CarP
|d DLC
|d BD-DhAAL
|
| 043 |
|
|
|a a-ii---
|
| 050 |
0 |
0 |
|a HD2072
|b .B64
|
| 082 |
|
|
|a 338.10954552
|
| 100 |
1 |
|
|a Blyn, George.
|9 47489
|
| 245 |
1 |
0 |
|a Agricultural trends in India,
|n 1891-1947 :
|b output, availability, and productivity /
|c George Blyn
|
| 260 |
|
|
|a Philadelphia,
|b University of Pennsylvania Press
|c c1966.
|
| 300 |
|
|
|a 370 pages ;
|c 22 cm.
|
| 504 |
|
|
|a Includes bibliographical references and index.
|
| 541 |
|
|
|a Donated By Akbar Ali Khan
|e 38029
|
| 650 |
|
0 |
|a Agriculture
|x Economic aspects
|z India.
|9 47490
|
| 852 |
|
|
|a Ayesha Abed Library
|c Akbar Ali Khan Collection
|
| 942 |
|
|
|2 ddc
|c BK
|
| 952 |
|
|
|0 0
|1 0
|2 ddc
|4 0
|6 338_109545520000000_BLY
|7 1
|9 70299
|a BRACUL
|b BRACUL
|c AAKC
|d 2022-03-28
|e Donated by Akbar Ali Khan
|l 0
|o 338.10954552 BLY
|p 3010038029
|r 2022-03-28
|t 1
|w 2022-03-28
|y BK
|